000 01062nam a22003377a 4500
001 0062489
003 KOHA_MİRAKIL
005 20260207004410.0
007 ta
008 180730b2009 tu |||gr||||#||||1|tur |
020 _a9789754713541
040 _aTR-BiSEU
_btur
_cTR-BiSEU
_erda
041 0 _atur
044 _ctu
050 _aPF3112
_b.O88 2009
245 0 _a30 Günde Almanca.
264 1 _aİstanbul :
_bFono Yayınları
_c2009
300 _a384 sayfa; 21 cm.
336 _ametin
_btxt
_2rdacontent
337 _aaracısız
_bn
_2rdamedia
338 _acilt
_bnc
_2rdacarrier
490 1 _aFono Yayınları ;
_v396.
490 1 _aDil Öğretim Dizisi
650 0 _aGerman language -- Textbooks for foreign speakers -- Turkish .
_9115801
650 0 _aGerman language -- Grammar.
_9115802
650 0 _aAlman dili -- Çalışma ve öğretim .
_9115803
650 0 _aAlman dili -- Yabancılar için çalışma kitapları.
_9115804
830 1 _aFono Yayınları ;
_v396.
_9115805
830 1 _aDil Öğretim Dizisi
_9115806
942 _2lcc
_cBK
999 _c62284
_d62284